Loading...
Guidelines for evaluation of post literacy programme /
| Format: | Printed Book |
|---|---|
| Sprog: | English |
| Udgivet: |
New Delhi:
Directorate of Adult Education,
2003.
|
| LEADER | 00433nam a2200109Ia 4500 | ||
|---|---|---|---|
| 008 | 121027s9999 xx 000 0 eng d | ||
| 082 | |a 374.0124 |b GUI | ||
| 245 | |a Guidelines for evaluation of post literacy programme / | ||
| 260 | |a New Delhi: |b Directorate of Adult Education, |c 2003. | ||
| 300 | |a 52p. | ||
| 999 | |c 69759 |d 69759 | ||
| 952 | |0 0 |1 0 |4 0 |6 374_012400000000000_GUI |7 0 |9 69736 |a UL |b UL |c ST1 |d 2012-10-27 |l 0 |o 374.0124 GUI |p G9237 |r 2012-10-27 |w 2012-10-27 |y BK | ||